000 00402pab a2200169 454500
008 180718b1997 xxu||||| |||| 00| 0 eng d
100 _aWoodhouse, Diana
245 _aThe Attorney General
260 _c1997
300 _ap.97-108
362 _aJan
650 _aAccounting
650 _aAdministration of Justice
650 _aLegal systems
773 _aParliamentary Affairs
909 _a35847
999 _c35847
_d35847